LEADER 00860cam2 22002533 450 001 SOBE00067323 005 20210730083931.0 100 $a20210721d1980 |||||ita|0103 ba 101 $aita 102 $aIT 200 0 $a2$fFrancesco Cognasso 210 $aTorino$cUnione tipografico editrice torinese$d1980 215 $aXI, 850 p., [10] c. di tav.$cill.$d26 cm 461 1$1001SOB007132$12001 $a<>Italia nel Rinascimento / Francesco Cognasso 700 1$aCognasso$b, Francesco$3AF00007003$4070$0139245 801 0$aIT$bUNISOB$c20210730$gRICA 850 $aUNISOB 852 $aUNISOB$j900|Coll|44|K$m38472 912 $aSOBE00067323 940 $aM 102 Monografia moderna SBN 941 $aW 957 $a900|Coll|44|K$b000005$i-2$gSI$d38472$1rovito$2UNISOB$3UNISOB$420210730083912.0$520210730083931.0$6rovito 996 $a2$91829874 997 $aUNISOB LEADER 01495nam0 22002771i 450 001 UON00044511 005 20260205101927.888 100 $a20020107d1778 |0itac50 ba 101 $aita$aLAT 102 $aIT 105 $a|||| 1|||| 200 1 $aSpecimen ineditae et hexaplaris bibliorum versionis syro-estranghelae cum simplici atque utriusque fontibus graeco et hebraeo collatae cum duplici lat.vers. ac notis$fedidit ac diatribam de rarissimo codice ambrosiano Johannes Bern. De-Rossi 210 $aParmae$cex Regio Typographeo$d1778 215 $a[8 c.]$d24 cm 606 $aBIBBIA$xCODICI EBRAICI$xCOLLEZIONI E MUSEI$xVATICANO$3UONC015355$2FI 606 $aMANOSCRITTI SIRIACI$xBIBBIA$xCOLLEZIONI E MUSEI$xVATICANO$3UONC005182$2FI 620 $aIT$dParma$3UONL000080 686 $aSEB III$cSTUDI EBRAICI - FILOLOGIA$2A 700 1$aDE ROSSI$bGiovanni Bernardo$3UONV028316$0268103 712 $aEx Regio Typographeo $3UONV252991$4650 801 $aIT$bSOL$c20260206$gRICA 899 $aSIBA - SISTEMA BIBLIOTECARIO DI ATENEO E ARCHIVIO STORICO$2UONSI 912 $aUON00044511 950 $aSIBA - SISTEMA BIBLIOTECARIO DI ATENEO E ARCHIVIO STORICO$dSI RARI SEB III 001 $eSI MR 22941 7 001 996 $aSpecimen ineditae et hexaplaris bibliorum versionis syro-estranghelae cum simplici atque utriusque fontibus graeco et hebraeo collatae cum duplici lat.vers. ac notis$91159022 997 $aUNIOR